000 00349pam a2200133 a 4500
020 _c
041 _h
082 _a658.14999999999998
_bFRA
100 _aFrancis, P.
245 _aFoundations Of Financial Management
_hTextual Documents
260 _aMumbai
_bArnold-Heinemann Publication India Private Limited
300 _a246/CB
930 _a6719
999 _c113547
_d113547